[Event "21. Intern. Travemünder Schach-Open"]
[Site "?"]
[Date "2004.12.29"]
[Round "6"]
[White "Jordan, Jürgen"]
[Black "Wokittel, Ulf"]
[Result "1-0"]
[WhiteElo "2082"]
[BlackElo "2165"]
[PlyCount "81"]
[EventDate "2004.??.??"]

1. d4 Nf6 2. Nf3 e6 3. e3 d5 4. Bd3 c5 5. c3 Nc6 6. O-O Bd6 7. Nbd2 O-O 8. Qe2
e5 9. dxc5 Bxc5 10. e4 Bg4 11. exd5 Nxd5 12. Ne4 Be7 13. h3 Bh5 14. Ng3 Bxf3
15. Qxf3 Nf6 16. Rd1 Qc7 17. Bg5 Ne8 18. Qe4 f5 19. Qc4+ Kh8 20. Bxe7 Nxe7 21.
Qxc7 Nxc7 22. Bc2 f4 23. Ne4 Ned5 24. Bb3 Rad8 25. c4 Nf6 26. Nd6 Rb8 27. c5 e4
28. Rd4 Na6 29. Rc1 h6 30. Ra4 e3 31. c6 Rbd8 32. Nxb7 exf2+ 33. Kxf2 Rd2+ 34.
Kg1 Nh5 35. Rxa6 f3 36. gxf3 Rxf3 37. Rc3 Rff2 38. Bd5 Nf4 39. c7 Nxd5 40.
c8=Q+ Kh7 41. Qg4 1-0

[Event "21. Intern. Travemünder Schach-Open"]
[Site "?"]
[Date "2004.12.29"]
[Round "6"]
[White "Thimm, Torsten"]
[Black "Hansson, Jonatan"]
[Result "1/2-1/2"]
[WhiteElo "2164"]
[BlackElo "2081"]
[PlyCount "63"]
[EventDate "2004.??.??"]

1. e4 c6 2. d4 d5 3. exd5 cxd5 4. c4 Nf6 5. Nc3 e6 6. Nf3 Be7 7. a3 O-O 8. Bd3
dxc4 9. Bxc4 Nbd7 10. O-O a6 11. Ba2 Nb6 12. Qd3 Nbd5 13. Ne5 Nxc3 14. bxc3 h6
15. c4 b5 16. c5 a5 17. Bd2 Bb7 18. Rfe1 b4 19. axb4 axb4 20. Bb3 Be4 21. Qe3
Qb8 22. Rxa8 Bxa8 23. Ra1 Bd5 24. Ra4 Bxb3 25. Rxb4 Qa8 26. Qxb3 Bxc5 27. dxc5
Qa1+ 28. Qb1 Qxe5 29. Qc1 Rd8 30. h3 Ne4 31. Be3 Nc3 32. f4 1/2-1/2

[Event "21. Intern. Travemünder Schach-Open"]
[Site "?"]
[Date "2004.12.29"]
[Round "6"]
[White "Kramm, Olaf"]
[Black "Rathje, Christian"]
[Result "0-1"]
[WhiteElo "2162"]
[BlackElo "2072"]
[PlyCount "84"]
[EventDate "2004.??.??"]

1. f4 g6 2. Nf3 Bg7 3. e3 c5 4. c4 Nf6 5. Nc3 O-O 6. d4 cxd4 7. exd4 d5 8. Ne5
b6 9. Be2 Bb7 10. Bf3 e6 11. O-O Nbd7 12. Re1 a6 13. b4 Qc8 14. b5 dxc4 15. Nc6
Re8 16. Rb1 axb5 17. d5 Nxd5 18. Nxd5 Bxc6 19. Nb4 Bxf3 20. Qxf3 Nc5 21. Rd1
Rd8 22. Be3 Qc7 23. Rdc1 Ra3 24. Nc2 Rxa2 25. Rxb5 Nb3 26. Bxb6 Qd7 27. Rxb3
cxb3 28. Bxd8 Rxc2 29. Rd1 Bd4+ 30. Kh1 Qxd8 31. Qxb3 Rc7 32. h3 Rd7 33. Rf1
Qb6 34. Qa4 Qa7 35. Qb5 Qc7 36. Qa4 Bf6 37. Qb5 Rd5 38. Qa4 Kg7 39. Qb3 Rd4 40.
Qe3 Qc4 41. Qf3 Rd3 42. Qe2 Rxh3+ 0-1

[Event "21. Intern. Travemünder Schach-Open"]
[Site "?"]
[Date "2004.12.29"]
[Round "6"]
[White "Ilgner, Andreas"]
[Black "Schroeter, Baldur"]
[Result "1/2-1/2"]
[WhiteElo "2146"]
[BlackElo "1893"]
[PlyCount "61"]
[EventDate "2004.??.??"]

1. d4 f5 2. Nc3 Nf6 3. Bg5 d5 4. Bxf6 exf6 5. e3 Be6 6. Bd3 Nc6 7. a3 Qd7 8.
Qf3 O-O-O 9. Nge2 g6 10. h3 h5 11. Nf4 Bf7 12. h4 Bh6 13. Bb5 Rhe8 14. Nd3 Qd6
15. Bxc6 Qxc6 16. O-O-O Bf8 17. Na2 Qb6 18. Nf4 Qa5 19. Rd3 Bh6 20. Rb3 Bxf4
21. Qxf4 Rd6 22. Rc3 Kb8 23. Nb4 Qa4 24. Nd3 b6 25. g3 Rc6 26. Rxc6 Qxc6 27.
Rd1 Kb7 28. Kb1 Rh8 29. Qf3 a5 30. Nc1 Qe6 31. Ne2 1/2-1/2

[Event "21. Intern. Travemünder Schach-Open"]
[Site "?"]
[Date "2004.12.29"]
[Round "6"]
[White "Boe (FM), Mads"]
[Black "Jess, Stefan"]
[Result "1-0"]
[WhiteElo "2376"]
[BlackElo "1969"]
[PlyCount "59"]
[EventDate "2004.??.??"]

1. e4 c6 2. d4 d5 3. e5 Bf5 4. Nf3 e6 5. Be2 Nd7 6. O-O Ne7 7. b3 c5 8. Bb2 Nc6
9. c4 cxd4 10. cxd5 exd5 11. Nxd4 Nxd4 12. Bxd4 Be6 13. Nc3 a6 14. f4 f5 15.
exf6 Nxf6 16. Bf3 Be7 17. Re1 Kf7 18. Qe2 Qd6 19. Rad1 Rad8 20. Be5 Qc5+ 21.
Kh1 Rhe8 22. Rc1 Rc8 23. Rcd1 Rcd8 24. Bc7 Qxc7 25. Qxe6+ Kf8 26. Nxd5 Qa5 27.
Nxe7 Rxd1 28. Bxd1 Qd8 29. Bf3 Rxe7 30. Qxe7+ 1-0

[Event "21. Intern. Travemünder Schach-Open"]
[Site "?"]
[Date "2004.12.29"]
[Round "6"]
[White "Schoepe, Jan"]
[Black "Müller, Jan-Hendrik"]
[Result "1/2-1/2"]
[WhiteElo "2330"]
[BlackElo "1899"]
[PlyCount "52"]
[EventDate "2004.??.??"]

1. e4 e5 2. Nf3 Nc6 3. Nc3 Nf6 4. Bb5 d6 5. d4 exd4 6. Nxd4 Bd7 7. O-O Be7 8.
Re1 Nxd4 9. Qxd4 O-O 10. Bg5 Bxb5 11. Nxb5 a6 12. Nc3 Re8 13. Rad1 h6 14. Bh4
Kf8 15. Rd3 Ng8 16. Bxe7+ Nxe7 17. Rg3 f6 18. Qd1 Nc6 19. Nd5 Qd7 20. Qh5 Re5
21. Qg6 Rg5 22. Qh7 Kf7 23. Rf3 Rg6 24. h4 Nd4 25. Rf4 Ne6 26. Rf5 Nf8 1/2-1/2

[Event "21. Intern. Travemünder Schach-Open"]
[Site "?"]
[Date "2004.12.29"]
[Round "6"]
[White "Hentzgen, Thomas"]
[Black "Trisic, Alexandar"]
[Result "0-1"]
[WhiteElo "2022"]
[BlackElo "2295"]
[PlyCount "74"]
[EventDate "2004.??.??"]

1. c4 Nf6 2. Nc3 g6 3. e4 d6 4. g3 Bg7 5. Bg2 O-O 6. Nge2 e5 7. O-O c5 8. d3
Nc6 9. f4 exf4 10. Bxf4 Nh5 11. Be3 Bg4 12. Qd2 Nd4 13. Rf2 Qa5 14. Nc1 Rae8
15. Rb1 Be6 16. Bh6 Nf6 17. Bxg7 Kxg7 18. Nb3 Qb6 19. Rxf6 Kxf6 20. Qh6 Ke7 21.
Bh3 Nf3+ 22. Kg2 Ne5 23. Rf1 Qd8 24. Bxe6 fxe6 25. Qxh7+ Rf7 26. Rxf7+ Nxf7 27.
Qxg6 Rg8 28. Qh5 Rh8 29. Qe2 Qf8 30. d4 Qh6 31. h4 Rg8 32. Kh2 b6 33. d5 Ne5
34. Nd1 Qg6 35. Qg2 Qg4 36. Nf2 Nf3+ 37. Kh1 Qxg3 0-1

[Event "21. Intern. Travemünder Schach-Open"]
[Site "?"]
[Date "2004.12.29"]
[Round "6"]
[White "Patzer, Stefan"]
[Black "Salov (IM), Sergej"]
[Result "1/2-1/2"]
[WhiteElo "1984"]
[BlackElo "2285"]
[PlyCount "49"]
[EventDate "2004.??.??"]

1. e4 c5 2. f4 d5 3. exd5 Nf6 4. Nf3 Nxd5 5. d3 g6 6. Be2 Bg7 7. c3 Nc6 8. O-O
O-O 9. Na3 b6 10. Nc2 Qc7 11. Ng5 e6 12. Bf3 h6 13. Bxd5 exd5 14. Nf3 d4 15. c4
Re8 16. Bd2 Bf5 17. Nce1 h5 18. h3 Bf6 19. Nh2 h4 20. Ng4 Bg7 21. Qf3 Re6 22.
Nc2 Rae8 23. Rae1 a5 24. a4 Nb4 25. Nxb4 1/2-1/2

[Event "21. Intern. Travemünder Schach-Open"]
[Site "?"]
[Date "2004.12.29"]
[Round "6"]
[White "Gröne, Lars"]
[Black "Meier, David-Geffrey"]
[Result "0-1"]
[WhiteElo "1945"]
[BlackElo "2258"]
[PlyCount "60"]
[EventDate "2004.??.??"]

1. d4 d5 2. c4 c6 3. Nf3 Nf6 4. Nc3 e6 5. e3 Nbd7 6. Be2 Bd6 7. O-O a6 8. b3 b5
9. Bb2 O-O 10. Qc2 Bb7 11. Rad1 Qb8 12. h3 Re8 13. Rd2 b4 14. Na4 Ne4 15. Rdd1
f5 16. Nd2 Ndf6 17. Nxe4 Nxe4 18. Bd3 Nf6 19. Rfe1 Rf8 20. Bc1 Bc8 21. Bd2 Ra7
22. Rc1 g5 23. cxd5 cxd5 24. Nc5 Qb6 25. Qb1 Bb8 26. f4 Rg7 27. Be2 Ne4 28.
Nxe4 fxe4 29. Qb2 gxf4 30. exf4 e5 0-1

[Event "21. Intern. Travemünder Schach-Open"]
[Site "?"]
[Date "2004.12.29"]
[Round "6"]
[White "Große Honebrink, Brig"]
[Black "Syperek, Sebastian"]
[Result "0-1"]
[WhiteElo "1886"]
[BlackElo "2249"]
[PlyCount "92"]
[EventDate "2004.??.??"]

1. d4 f5 2. c4 Nf6 3. Nc3 g6 4. Nf3 Bg7 5. Bg5 O-O 6. g3 d6 7. Bg2 c6 8. Qc2
Na6 9. O-O Qe8 10. Bxf6 Bxf6 11. e4 fxe4 12. Nxe4 Bg7 13. d5 h6 14. Qd2 Nc7 15.
dxc6 bxc6 16. Rac1 Rb8 17. b3 Bg4 18. Nd4 c5 19. Nc6 Rb6 20. Nxa7 Ra6 21. Nb5
Nxb5 22. cxb5 Qxb5 23. Nc3 Qa5 24. Rc2 Kh7 25. Na4 Qxd2 26. Rxd2 Bd4 27. Rc1
Bd7 28. Bf1 Ra7 29. Nb6 Be6 30. Bc4 Bg4 31. Nd5 e6 32. Nf4 d5 33. Bd3 Rf6 34.
h3 Bf3 35. Bb1 Raf7 36. Ng2 Bxg2 37. Kxg2 Rxf2+ 38. Rxf2 Rxf2+ 39. Kh1 e5 40.
a4 e4 41. a5 e3 42. Bd3 Rd2 43. Bb5 c4 44. bxc4 e2 45. Ba4 Ra2 46. Bc2 Rxc2 0-1

[Event "21. Intern. Travemünder Schach-Open"]
[Site "?"]
[Date "2004.12.29"]
[Round "6"]
[White "Kuhn, Gerd"]
[Black "Freystein, Martin"]
[Result "1-0"]
[WhiteElo "2232"]
[BlackElo "2028"]
[PlyCount "59"]
[EventDate "2004.??.??"]

1. d4 f5 2. Nc3 d5 3. Nf3 Nf6 4. Bf4 c6 5. e3 e6 6. Bd3 Bd6 7. O-O O-O 8. Ne5
Ne4 9. Bxe4 fxe4 10. f3 exf3 11. Rxf3 Qe7 12. Rh3 g6 13. Bh6 Re8 14. Qg4 Bxe5
15. dxe5 Nd7 16. Qg3 b6 17. Rf1 Ba6 18. Rf4 c5 19. Rh5 b5 20. Rg5 Nf8 21. Bxf8
Rxf8 22. Rxg6+ Kh8 23. Qh3 Rxf4 24. exf4 Re8 25. Nxd5 Qd7 26. Ne3 b4 27. Qh6
Qf7 28. Rf6 Qe7 29. Nf5 exf5 30. Rxa6 1-0

[Event "21. Intern. Travemünder Schach-Open"]
[Site "?"]
[Date "2004.12.29"]
[Round "6"]
[White "Marcziter, Dmitrii"]
[Black "Krebs, Peter"]
[Result "1-0"]
[WhiteElo "2220"]
[BlackElo "1985"]
[PlyCount "61"]
[EventDate "2004.??.??"]

1. d4 d5 2. Nf3 Nf6 3. c4 e6 4. Nc3 Be7 5. Bg5 O-O 6. cxd5 exd5 7. Qc2 Nbd7 8.
e3 b6 9. O-O-O Bb7 10. Kb1 c5 11. Bd3 Re8 12. Ne5 cxd4 13. exd4 Ne4 14. Nxe4
dxe4 15. Bc4 Nxe5 16. dxe5 Qc8 17. Bf4 Qf5 18. Bg3 Rac8 19. Qb3 Rxc4 20. Qxc4
e3+ 21. Ka1 Bxg2 22. Rhg1 Bf3 23. Qa4 Kf8 24. Qd7 Qc2 25. Rc1 Qd2 26. Qf5 exf2
27. Bxf2 Qxf2 28. Rcf1 Qxh2 29. Qxf3 f6 30. Qg4 Qh6 31. Rh1 1-0

[Event "21. Intern. Travemünder Schach-Open"]
[Site "?"]
[Date "2004.12.29"]
[Round "6"]
[White "Elmali, Timur"]
[Black "FM Rudolf, Henrik"]
[Result "1/2-1/2"]
[WhiteElo "2160"]
[BlackElo "2322"]
[PlyCount "126"]
[EventDate "2004.??.??"]

1. d4 Nf6 2. c4 g6 3. Nc3 Bg7 4. e4 d6 5. Nf3 O-O 6. Be2 e5 7. O-O Nc6 8. d5
Ne7 9. Nd2 a5 10. a3 Bd7 11. b3 c6 12. Bb2 c5 13. Nb5 Nc8 14. Bc3 Bh6 15. Qc2
Nh5 16. Bxh5 gxh5 17. Qd3 h4 18. b4 b6 19. bxa5 bxa5 20. a4 f5 21. f3 Bf4 22.
Nb3 Rf7 23. Bd2 Bxd2 24. Qxd2 f4 25. Kh1 Rg7 26. Rg1 Kh8 27. Qe1 Be8 28. h3 Rg3
29. Kh2 Ne7 30. Qc3 Ng6 31. Ra2 Ra6 32. Rh1 Bd7 33. Kg1 Kg8 34. Kf1 Nh8 35. Rf2
Nf7 36. Nc1 Ng5 37. Qd2 Nf7 38. Ne2 Rg6 39. Nc1 Ra8 40. Nb3 h6 41. Qc3 Kh7 42.
Ke2 Rg3 43. Kf1 Be8 44. Nc1 Rg7 45. Nb3 Ng5 46. Nd2 Kh8 47. Nb3 Bh5 48. Nd2 Nf7
49. Ke2 Rg3 50. Nf1 Rg6 51. Nd2 Ng5 52. Kf1 Nh7 53. Ke2 Nf6 54. Re1 Rg3 55. Kd1
Qe7 56. Kc1 Rag8 57. Ree2 Ra8 58. Nb3 Qd8 59. Kb2 Be8 60. Ka1 Bg6 61. Nd2 Qe7
62. Qb2 Bh5 63. Nc3 Nd7 1/2-1/2

[Event "21. Intern. Travemünder Schach-Open"]
[Site "?"]
[Date "2004.12.29"]
[Round "6"]
[White "FM Voigt, Martin"]
[Black "Dahlhaus, Friedhelm"]
[Result "1-0"]
[WhiteElo "2301"]
[BlackElo "2151"]
[PlyCount "53"]
[EventDate "2004.??.??"]

1. e4 e5 2. d4 exd4 3. c3 d5 4. exd5 Qxd5 5. cxd4 Nc6 6. Nf3 Bg4 7. Nc3 Bb4 8.
Be2 O-O-O 9. O-O Qa5 10. Be3 Nf6 11. h3 Bh5 12. a3 Bxc3 13. bxc3 Nd5 14. Bd2
Nxc3 15. Bxc3 Qxc3 16. Rc1 Qa5 17. Rxc6 bxc6 18. Qc2 Rd6 19. Ne5 Bxe2 20. Qxe2
Qd5 21. Qa6+ Kd8 22. Qxa7 Rf8 23. Re1 Re6 24. Qb8+ Ke7 25. Qxc7+ Kf6 26. Re3
Re7 27. Ng4+ 1-0

[Event "21. Intern. Travemünder Schach-Open"]
[Site "?"]
[Date "2004.12.29"]
[Round "6"]
[White "Tonndorf, Matthias"]
[Black "Knuth, Hannes"]
[Result "1/2-1/2"]
[WhiteElo "2137"]
[BlackElo "2299"]
[PlyCount "97"]
[EventDate "2004.??.??"]

1. e4 c5 2. Nf3 Nc6 3. c4 g6 4. d4 Bg7 5. dxc5 Nf6 6. Bd3 O-O 7. O-O d6 8. cxd6
Qxd6 9. Nc3 Bg4 10. Be2 Qc5 11. Be3 Qb4 12. Qc2 Bxf3 13. gxf3 Nh5 14. a3 Qd6
15. Rad1 Qf6 16. Kh1 Rfd8 17. Rxd8+ Rxd8 18. Rd1 Rxd1+ 19. Qxd1 Qh4 20. Qg1 Be5
21. Bg5 Qh3 22. Qg2 Qc8 23. Qg4 Qb8 24. h3 e6 25. Be3 Nf4 26. Bf1 h5 27. Qg5
Kg7 28. Bxf4 Bxf4 29. Qc5 Qd8 30. Ne2 Bc7 31. Qe3 Qf6 32. Nc3 Bf4 33. Qe1 Be5
34. Bg2 Na5 35. Qe2 Nb3 36. Qe3 Na5 37. Ne2 Bb8 38. b3 Qa1+ 39. Qc1 Nxb3 40.
Qxa1+ Nxa1 41. f4 Nc2 42. a4 b6 43. e5 h4 44. Be4 Nb4 45. Kg2 g5 46. fxg5 Bxe5
47. f4 Ba1 48. Kf3 Na6 49. g6 1/2-1/2

[Event "21. Intern. Travemünder Schach-Open"]
[Site "?"]
[Date "2004.12.29"]
[Round "6"]
[White "IM Glienke, Manfred"]
[Black "Wilms, Ingo"]
[Result "1-0"]
[WhiteElo "2295"]
[BlackElo "2118"]
[PlyCount "47"]
[EventDate "2004.??.??"]

1. d4 Nf6 2. Nf3 c5 3. e3 g6 4. Be2 Bg7 5. O-O O-O 6. c4 b6 7. Nc3 Bb7 8. d5 d6
9. e4 Nbd7 10. Qc2 a6 11. Bf4 Qc7 12. Rad1 Rad8 13. h3 h6 14. Bh2 Kh7 15. Ne1
Ne8 16. h4 Bd4 17. Nf3 Bg7 18. h5 Nef6 19. hxg6+ fxg6 20. Nh4 Ne5 21. f4 Neg4
22. e5 Ne3 23. Qxg6+ Kh8 24. Bd3 1-0

[Event "21. Intern. Travemünder Schach-Open"]
[Site "?"]
[Date "2004.12.29"]
[Round "6"]
[White "Lau, Jürgen"]
[Black "FM Laubsch, Bernd"]
[Result "0-1"]
[WhiteElo "2127"]
[BlackElo "2276"]
[PlyCount "102"]
[EventDate "2004.??.??"]

1. e4 c5 2. Nf3 e6 3. d4 cxd4 4. Nxd4 Nf6 5. Nc3 d6 6. Be2 Be7 7. O-O Nc6 8.
Be3 O-O 9. Kh1 e5 10. Nb3 Be6 11. f3 d5 12. exd5 Nxd5 13. Nxd5 Bxd5 14. c4 Be6
15. Nc5 Bc8 16. Qxd8 Rxd8 17. Rfd1 b6 18. Rxd8+ Nxd8 19. Nd3 Nc6 20. c5 Nd4 21.
Bxd4 exd4 22. Rc1 Ba6 23. cxb6 axb6 24. a3 Bg5 25. Rc2 Re8 26. Kg1 Kf8 27. Kf2
Re3 28. Rd2 Rxf3+ 29. Kxf3 Bxd2 30. Ke4 Be3 31. Kd5 Bb7+ 32. Kc4 Bxg2 33. Kb5
f5 34. Kxb6 f4 35. Kc7 f3 36. Bd1 f2 37. Nxf2 Bxf2 38. b4 Bf1 39. a4 d3 40. b5
Be2 41. Bb3 d2 42. Kc8 g5 43. Kc7 Ke7 44. Kc6 Bf3+ 45. Kc7 h5 46. a5 g4 47. b6
g3 48. hxg3 Bxg3+ 49. Kc8 h4 50. a6 h3 51. a7 h2 0-1

[Event "21. Intern. Travemünder Schach-Open"]
[Site "?"]
[Date "2004.12.29"]
[Round "6"]
[White "Degtiarev, Jewgeni"]
[Black "WFM Meissner, Claudia"]
[Result "1-0"]
[WhiteElo "2272"]
[BlackElo "2112"]
[PlyCount "69"]
[EventDate "2004.??.??"]

1. d4 Nf6 2. c4 e6 3. Nc3 Bb4 4. e3 c5 5. Bd3 cxd4 6. exd4 Nc6 7. Nge2 b6 8.
O-O Bb7 9. d5 Ne5 10. a3 Be7 11. Bf4 Nxd3 12. Qxd3 exd5 13. cxd5 d6 14. Ng3 O-O
15. Nf5 Nh5 16. Bd2 Re8 17. g4 Nf6 18. h3 Rc8 19. Be3 Bf8 20. Rad1 Qd7 21. Bg5
Rxc3 22. bxc3 Nxd5 23. c4 Nc7 24. Nxd6 Bxd6 25. Qxd6 Qxd6 26. Rxd6 Ne6 27. Be3
h6 28. Rd7 Ba6 29. Rc1 Ra8 30. f4 Nf8 31. Rd6 Re8 32. Kf2 Bb7 33. f5 Bc8 34. c5
bxc5 35. Rxc5 1-0

[Event "21. Intern. Travemünder Schach-Open"]
[Site "?"]
[Date "2004.12.29"]
[Round "6"]
[White "Wichmann, Daniel"]
[Black "Lieder, Konrad"]
[Result "1-0"]
[WhiteElo "2250"]
[BlackElo "2087"]
[PlyCount "60"]
[EventDate "2004.??.??"]

1. e4 Nf6 2. e5 Nd5 3. d4 d6 4. c4 Nb6 5. exd6 exd6 6. Bd3 Nc6 7. Be3 Be7 8.
Nc3 O-O 9. b3 Bf6 10. Nge2 Bg4 11. Qd2 a5 12. O-O a4 13. h3 Bd7 14. Rad1 axb3
15. axb3 Nb4 16. Bb1 d5 17. c5 Nc8 18. Nf4 c6 19. Nh5 Be7 20. Bh6 g6 21. Bxf8
Bxf8 22. Ng3 Na6 23. Bd3 Nc7 24. Nge2 Bg7 25. Ra1 Rb8 26. Qf4 Ne7 27. Ra4 Ne6
28. Qe3 Qf8 29. f4 f5 30. Rd1 Kf7 1-0

[Event "21. Intern. Travemünder Schach-Open"]
[Site "?"]
[Date "2004.12.29"]
[Round "6"]
[White "Jakobeit, David"]
[Black "Lehmann, Holger"]
[Result "1/2-1/2"]
[WhiteElo "2095"]
[BlackElo "2193"]
[PlyCount "75"]
[EventDate "2004.??.??"]

1. f4 g6 2. Nf3 Bg7 3. g3 c5 4. Bg2 d6 5. O-O Nc6 6. e4 e6 7. d3 Nge7 8. c3 O-O
9. Be3 b6 10. Re1 Bb7 11. Nbd2 h6 12. Bf2 Qd7 13. Qb3 Ba6 14. d4 cxd4 15. Nxd4
Bb7 16. Rad1 Nxd4 17. Bxd4 Bxd4+ 18. cxd4 Bc6 19. Qe3 Kh7 20. Rc1 Bb7 21. Nb1
d5 22. e5 Nf5 23. Qf2 h5 24. Bh3 Nh6 25. Nc3 Ba6 26. Qf3 Rac8 27. f5 gxf5 28.
Qxh5 Rg8 29. Rc2 Qd8 30. Qf3 Qg5 31. Rf2 Rc7 32. Kh1 Rg7 33. Rg1 Ng4 34. Bxg4
Qxg4 35. Qe3 Rc4 36. Rf4 Qg5 37. Rh4+ Kg8 38. Qd2 1/2-1/2

[Event "21. Intern. Travemünder Schach-Open"]
[Site "?"]
[Date "2004.12.30"]
[Round "7"]
[White "Jobava (GM), Baadur"]
[Black "Kopylov (IM), Michael"]
[Result "1-0"]
[WhiteElo "2615"]
[BlackElo "2434"]
[PlyCount "47"]
[EventDate "2004.??.??"]

1. d4 Nf6 2. c4 c5 3. d5 b5 4. cxb5 a6 5. Nc3 axb5 6. e4 b4 7. Nb5 d6 8. Bf4 g5
9. Bxg5 Nxe4 10. Bf4 Bg7 11. Qe2 f5 12. f3 O-O 13. fxe4 fxe4 14. g3 Qa5 15. Kf2
e3+ 16. Kg2 Ba6 17. a4 Nd7 18. Nf3 Nb6 19. Qxe3 Bb7 20. Nc7 Rac8 21. Qe6+ Kh8
22. Bd3 c4 23. Bxh7 Kxh7 24. Ng5+ 1-0

[Event "21. Intern. Travemünder Schach-Open"]
[Site "?"]
[Date "2004.12.30"]
[Round "7"]
[White "Maiwald (GM), Jens-Uwe"]
[Black "Voigt (FM), Martin"]
[Result "1-0"]
[WhiteElo "2524"]
[BlackElo "2301"]
[PlyCount "107"]
[EventDate "2004.??.??"]

1. g3 d5 2. Bg2 Nf6 3. d3 c5 4. c4 d4 5. Nf3 Nc6 6. O-O e5 7. e3 Be7 8. exd4
cxd4 9. Re1 Nd7 10. Na3 O-O 11. Nc2 a5 12. Rb1 f5 13. a3 a4 14. Bd2 Bc5 15. Nb4
e4 16. dxe4 fxe4 17. Rxe4 Nf6 18. Nxc6 bxc6 19. Re5 Qb6 20. Rxc5 Qxc5 21. Bb4
Qxc4 22. Bxf8 Kxf8 23. Rc1 Qf7 24. Ne5 Qb3 25. Qxd4 Be6 26. Rxc6 Re8 27. h3 Kg8
28. Kh2 h6 29. Bf1 Qd5 30. Rd6 Qxd4 31. Rxd4 Bb3 32. Bc4+ Bxc4 33. Nxc4 Re2 34.
Rd2 Re6 35. Kg2 Kf8 36. Nd6 Nd7 37. Nb5 Nb6 38. Rc2 Re5 39. Nd6 Rd5 40. Rc6 Nd7
41. Ne4 Rb5 42. Rc8+ Ke7 43. Re8+ Kxe8 44. Nd6+ Ke7 45. Nxb5 Nb6 46. Nc3 Kd6
47. Kf3 Kc5 48. Ke4 Kc4 49. Kf5 Kb3 50. Kg6 Kxb2 51. Nxa4+ Nxa4 52. Kxg7 Kxa3
53. Kxh6 Kb4 54. h4 1-0

[Event "21. Intern. Travemünder Schach-Open"]
[Site "?"]
[Date "2004.12.30"]
[Round "7"]
[White "Glienke (IM), Manfred"]
[Black "Rabiega (GM), Robert"]
[Result "1/2-1/2"]
[WhiteElo "2295"]
[BlackElo "2524"]
[PlyCount "57"]
[EventDate "2004.??.??"]

1. Nf3 Nc6 2. g3 e5 3. d3 d5 4. Bg2 f6 5. Nbd2 Be6 6. c3 Qd7 7. b4 O-O-O 8. Qa4
Kb8 9. Nb3 e4 10. Nfd4 Nxd4 11. Qxd7 Bxd7 12. Nxd4 f5 13. f3 exd3 14. exd3 g6
15. Be3 Bg7 16. Kd2 Nf6 17. Rhe1 Rde8 18. f4 c6 19. Nf3 Ng4 20. Bc5 Kc7 21. h3
b6 22. Bg1 Nf6 23. Bf2 Rxe1 24. Rxe1 Re8 25. Ne5 Be6 26. Bf3 Nd7 27. Nxd7 Bxd7
28. Rxe8 Bxe8 29. Bd4 1/2-1/2

[Event "21. Intern. Travemünder Schach-Open"]
[Site "?"]
[Date "2004.12.30"]
[Round "7"]
[White "Jacob, Gunnar"]
[Black "Meister (IM), Jakov"]
[Result "1-0"]
[WhiteElo "2283"]
[BlackElo "2505"]
[PlyCount "79"]
[EventDate "2004.??.??"]

1. d4 Nf6 2. c4 d6 3. Nc3 Nbd7 4. Nf3 e5 5. e4 c6 6. Be2 Be7 7. O-O O-O 8. Re1
Re8 9. d5 c5 10. Rb1 Nf8 11. b4 cxb4 12. Rxb4 N6d7 13. Be3 Ng6 14. Qd2 Rf8 15.
Reb1 b6 16. Ne1 Nc5 17. Nd3 f5 18. f3 Nxd3 19. Bxd3 f4 20. Bf2 Bh4 21. a4 Bxf2+
22. Qxf2 Ba6 23. a5 bxa5 24. Ra4 Rf7 25. Qa2 Rc7 26. Nb5 Bxb5 27. Rxb5 Nf8 28.
Qa3 Rb8 29. Raxa5 Rxb5 30. Rxb5 Qe7 31. Qa5 Rb7 32. c5 Rxb5 33. Qxb5 dxc5 34.
Bc4 Kh8 35. Qb8 h5 36. d6 Qh4 37. Qxf8+ Kh7 38. Qf5+ g6 39. Qf7+ Kh6 40. Qf8+
1-0

[Event "21. Intern. Travemünder Schach-Open"]
[Site "?"]
[Date "2004.12.30"]
[Round "7"]
[White "Kupreychik (GM), Victor"]
[Black "Wichmann, Daniel"]
[Result "1-0"]
[WhiteElo "2454"]
[BlackElo "2255"]
[PlyCount "61"]
[EventDate "2004.??.??"]

1. e4 Nf6 2. e5 Nd5 3. d4 d6 4. c4 Nb6 5. exd6 exd6 6. Nc3 Be7 7. Nf3 Bg4 8. h3
Bh5 9. Be3 Nc6 10. b3 Bf6 11. Be2 O-O 12. g4 Bg6 13. h4 Re8 14. h5 Be4 15. Nxe4
Rxe4 16. g5 Rxe3 17. fxe3 Bxg5 18. Nxg5 Qxg5 19. Rh3 Re8 20. Qd2 Nd7 21. O-O-O
Nf6 22. Bd3 Nxh5 23. Qh2 g6 24. Rg1 Qe7 25. Kb2 Nf6 26. Rf1 Ng4 27. Qf4 f5 28.
Bxf5 Nxe3 29. Bxg6 Nxf1 30. Bxh7+ Kg7 31. Qg4+ 1-0

[Event "21. Intern. Travemünder Schach-Open"]
[Site "?"]
[Date "2004.12.30"]
[Round "7"]
[White "Laubsch (FM), Bernd"]
[Black "Muse (GM), Mladen"]
[Result "1/2-1/2"]
[WhiteElo "2276"]
[BlackElo "2448"]
[PlyCount "101"]
[EventDate "2004.??.??"]

1. e4 g6 2. d4 Bg7 3. Nc3 d6 4. Be3 a6 5. Nf3 Nd7 6. Qd2 b5 7. Bd3 Rb8 8. Ne2
c5 9. c3 e5 10. Rd1 Qe7 11. O-O Ngf6 12. Bh6 O-O 13. Ng3 Re8 14. Bxg7 Kxg7 15.
Qg5 Kh8 16. Bc2 Nf8 17. dxe5 dxe5 18. h3 N6d7 19. Qh6 Nb6 20. b3 Nbd7 21. Nh4
Ne6 22. Nf3 Nf4 23. Rd2 Nf8 24. Rfd1 f6 25. Nh2 N8e6 26. Ne2 Nxe2+ 27. Rxe2 b4
28. cxb4 Nd4 29. Red2 Rxb4 30. Bd3 a5 31. Nf1 a4 32. Ne3 Be6 33. Bc4 axb3 34.
axb3 Qg7 35. Qh4 Rbb8 36. f4 Bxc4 37. bxc4 f5 38. exf5 gxf5 39. Kh2 Rb6 40. Nd5
Rh6 41. Qf2 e4 42. Ne3 Qf6 43. Ra2 Rg8 44. Rda1 Rhg6 45. Ra8 Qd6 46. Qh4 R6g7
47. Kh1 Qg6 48. R1a6 Qf7 49. Rd8 Rxd8 50. Qxd8+ Rg8 51. Qd6 1/2-1/2

[Event "21. Intern. Travemünder Schach-Open"]
[Site "?"]
[Date "2004.12.30"]
[Round "7"]
[White "Issing, Peter"]
[Black "Pogorelov (GM), Ruslan"]
[Result "0-1"]
[WhiteElo "2217"]
[BlackElo "2421"]
[PlyCount "86"]
[EventDate "2004.??.??"]

1. d4 Nf6 2. c4 e6 3. Nc3 Bb4 4. Nf3 b6 5. g3 Bxc3+ 6. bxc3 Bb7 7. Bg2 O-O 8.
O-O d6 9. d5 e5 10. Nd2 Nbd7 11. e4 Nc5 12. Qe2 Nfd7 13. Re1 c6 14. Qe3 Rc8 15.
Ba3 Ba6 16. Bf1 Rc7 17. Rac1 Qc8 18. Rc2 cxd5 19. cxd5 Bxf1 20. Rxf1 Qa6 21. c4
f5 22. exf5 Rxf5 23. Rfc1 Qc8 24. Nf3 Qf8 25. Kg2 Nb7 26. Nd2 Ndc5 27. Bb4 Rcf7
28. Rf1 h5 29. f3 h4 30. Rcc1 Qc8 31. Ba3 Rh5 32. Rg1 hxg3 33. hxg3 Qh3+ 34.
Kf2 Qf5 35. Rc3 Rh2+ 36. Rg2 Qh3 37. Rxh2 Qxh2+ 38. Kf1 Qxg3 39. Ke2 Rf4 40.
Bc1 Qg6 41. Ba3 Rh4 42. Qf2 Qh5 43. Nf1 Ne4 0-1

[Event "21. Intern. Travemünder Schach-Open"]
[Site "?"]
[Date "2004.12.30"]
[Round "7"]
[White "Kolthoff, Siegmund"]
[Black "Zimmermann, Julian"]
[Result "0-1"]
[WhiteElo "2186"]
[BlackElo "2321"]
[PlyCount "46"]
[EventDate "2004.??.??"]

1. d4 Nf6 2. Nf3 c5 3. d5 b5 4. Bg5 Ne4 5. Bf4 Bb7 6. Qd3 f5 7. Nbd2 c4 8. Qd4
Qb6 9. Nxe4 fxe4 10. Qxe4 e6 11. Rd1 Be7 12. Bg5 Bc5 13. Be3 Bxe3 14. fxe3 O-O
15. g4 Na6 16. Ng5 g6 17. Bg2 Nb4 18. c3 Bxd5 19. Rxd5 Nxd5 20. Kd2 b4 21. cxb4
Qxb4+ 22. Kc2 Rab8 23. Rb1 Nc3 0-1

[Event "21. Intern. Travemünder Schach-Open"]
[Site "?"]
[Date "2004.12.30"]
[Round "7"]
[White "Rudolf (FM), Henrik"]
[Black "Degtiarev, Jewgeni"]
[Result "0-1"]
[WhiteElo "2322"]
[BlackElo "2272"]
[PlyCount "98"]
[EventDate "2004.??.??"]

1. e4 c5 2. Nf3 d6 3. d4 cxd4 4. Nxd4 Nf6 5. Nc3 Nc6 6. Bg5 e6 7. Qd2 a6 8.
O-O-O Bd7 9. f3 Rc8 10. Nxc6 Bxc6 11. Bd3 Be7 12. Kb1 h6 13. Be3 d5 14. Qf2 Qc7
15. Bb6 Qb8 16. exd5 Nxd5 17. Nxd5 Bxd5 18. f4 Bf6 19. Rhe1 O-O 20. g4 Rc6 21.
Be3 Qc7 22. g5 hxg5 23. fxg5 Be5 24. Qh4 g6 25. Bd4 Bxd4 26. Qxd4 Qa5 27. a3
Bf3 28. Re5 Qd8 29. Qxd8 Rxd8 30. Rf1 Bg4 31. Rf4 Bf5 32. Bxf5 Rd1+ 33. Ka2
gxf5 34. Re2 Kg7 35. a4 Kg6 36. h4 Rcd6 37. c3 R1d2 38. Rff2 Rxe2 39. Rxe2 Kh5
40. c4 Kxh4 41. c5 Rc6 42. b4 f4 43. Kb3 f3 44. Rd2 Rc7 45. Rd3 Kg4 46. Rd8 f2
47. g6 f1=Q 48. g7 Qb1+ 49. Kc4 Qc2+ 0-1